Wszystkie ulice w Pruszkowie - Statystyki

Ogólne statystyki
  • Ten quiz został rozwiązany 40 razy
  • Średni wynik to 101 z 433
Statystyki odpowiedzi
Typ Ulica % Poprawnych
Ul. Warszawska
85%
Ul. Bolesława Prusa
77%
Ul. Jana
77%
Ul. 3 Maja
69%
Ul. Adama Mickiewicza
69%
Ul. Dębowa
69%
Ul. Długa
69%
Ul. Henryka Sienkiewicza
62%
Pl. Jana Pawła II
62%
Ul. Krótka
62%
Ul. Lipowa
62%
Ul. Poznańska
62%
Ul. Stalowa
62%
Ul. Tadeusza Kościuszki
62%
Ul. Andrzeja
54%
Ul. Brwinowska
54%
Ul. Dolna
54%
Ul. Górna
54%
Ul. Grodziska
54%
Ul. Jasna
54%
Ul. Juliana Tuwima
54%
Ul. Juliusza Słowackiego
54%
Ul. Kolejowa
54%
Ul. Komorowska
54%
Ul. Kubusia Puchatka
54%
Ul. Mikołaja Kopernika
54%
Ul. Ogrodowa
54%
Ul. Piastowska
54%
Ul. Polna
54%
Ul. Powstańców
54%
Ul. Różana
54%
Ul. Słoneczna
54%
Ul. Szkolna
54%
Ul. Wiejska
54%
Ul. Wisniowa
54%
Ul. Akacjowa
46%
Ul. Al. Wojska Polskiego
46%
Ul. Błońska
46%
Ul. Bolesława Chrobrego
46%
Ul. Brzozowa
46%
Ul. Ceglana
46%
Ul. Cmentarna
46%
Ul. Dobra
46%
Ul. Fryderyka Chopina
46%
Ul. Gabriela Narutowicza
46%
Ul. Jana Brzechwy
46%
Ul. Józefa Ignacego Kraszewskiego
46%
Ul. Kościelna
46%
Ul. Łódzka
46%
Ul. Ołówkowa
46%
Ul. Parzniewska
46%
Ul. Sosnowa
46%
Ul. Biała
38%
Ul. Działkowa
38%
Ul. Europejska
38%
Ul. Jana Kochanowskiego
38%
Ul. Konstantego Ildefonsa Gałczyńskiego
38%
R. Ks. Jerzego Popiełuszki
38%
Ul. Liliowa
38%
Ul. Malinowa
38%
Ul. Marii
38%
Ul. Marii Skłodowskiej-Curie
38%
Ul. Miedziana
38%
Ul. Miodowa
38%
Ul. Niecała
38%
Ul. Ożarowska
38%
Ul. Piaskowa
38%
Ul. Promyka
38%
Ul. Przejazdowa
38%
R. Solidarności
38%
Ul. Sportowa
38%
Ul. Srebrna
38%
Ul. Stanisława Staszica
38%
Pl. Stefana Kardynała Wyszyńskiego
38%
Ul. Szpitalna
38%
Ul. Targowa
38%
Ul. Wąska
38%
Ul. Wierzbowa
38%
Ul. Wiosenna
38%
Ul. Władysława Reymonta
38%
Ul. Żbikowska
38%
Ul. Zimna
38%
Ul. Zofii Nałkowskiej
38%
Ul. Żwirowa
38%
Ul. Adama Asnyka
31%
Ul. Agrestowa
31%
Ul. Al. Jerozolimskie
31%
Ul. Bliska
31%
Ul. Bohaterów Warszawy
31%
Ul. Bristol
31%
Ul. Bukowa
31%
Ul. Cicha
31%
Ul. Ciepła
31%
Ul. Czereśniowa
31%
Ul. Czesława Miłosza
31%
Ul. Daleka
31%
Ul. Domaniewska
31%
Ul. Ewy
31%
Ul. Gęsia
31%
Ul. Główna
31%
Ul. Helenowska
31%
Ul. Ignacego Jana Paderewskiego
31%
Ul. Jana Sobieskiego
31%
Ul. Józefa Bema
31%
Sk. Józefa Piłsudskiego
31%
Ul. Kacza
31%
Ul. Królowej Jadwigi
31%
Ul. Łąkowa
31%
Ul. Lalki
31%
Ul. Ludwika Waryńskiego
31%
Ul. Mała
31%
Ul. Michała Drzymały
31%
Ul. Miejska
31%
Ul. Mieszka I
31%
Ul. Mikołaja Reja
31%
Ul. Miry Zimińskiej-Sygietyńskiej
31%
Ul. Młynarska
31%
Ul. Morska
31%
Ul. Otwocka
31%
Ul. Owocowa
31%
Ul. Pęcicka
31%
Ul. Piwna
31%
Ul. Przyszłości
31%
Ul. Robotnicza
31%
Ul. Sadowa
31%
Ul. Stanisława Moniuszki
31%
Ul. Stawowa
31%
Ul. Stefana Batorego
31%
Ul. Tadeusza
31%
Ul. Topolowa
31%
Ul. Wesoła
31%
Ul. Wilcza
31%
Ul. Wróbla
31%
Ul. Wspólna
31%
Ul. Zdziarska
31%
Ul. Żelazna
31%
Ul. Złota
31%
Ul. Adama
23%
Ul. Al. Niepodległości
23%
Ul. Anielki
23%
Ul. Antka
23%
Ul. Bąkowska
23%
Ul. Bartosza Głowackiego
23%
Ul. Baśniowa
23%
Ul. Bursztynowa
23%
Ul. Cegielnia
23%
Ul. Chabrowa
23%
Ul. Chłodna
23%
Ul. Elektryczna
23%
Ul. Emancypantek
23%
Ul. Fabryczna
23%
Ul. Graniczna
23%
Ul. Grunwaldzka
23%
Ul. Hortensji
23%
Ul. Hubala
23%
Ul. Ignacego Daszyńskiego
23%
Ul. Ireny
23%
Ul. Jana Kasprowicza
23%
Ul. Janusza Korczaka
23%
Ul. Jarosława Dąbrowskiego
23%
Ul. Jaśminowa
23%
Ul. Jastrzębia
23%
Ul. Juliana Gomulińskiego
23%
Ul. Kasztanowa
23%
Ul. Kielecka
23%
Ul. Konwaliowa
23%
Ul. Kowalska
23%
Ul. Kręta
23%
Ul. Książąt mazowieckich
23%
Ul. Łączniczek Armii Krajowej
23%
Ul. Lotników
23%
Ul. Ludowa
23%
Ul. Ludwika
23%
Ul. Magnolii
23%
Ul. Marii Dąbrowskiej
23%
Pl. | Ul. Mechaników
23%
Ul. Mieczysława
23%
Ul. Mokra
23%
Ul. Morelowa
23%
Ul. Mostowa
23%
Ul. Niska
23%
Ul. Ołowiana
23%
Ul. Pańska
23%
Ul. Parkowa
23%
Ul. Piękna
23%
Ul. Plantowa
23%
Ul. Pływacka
23%
Ul. Pogodna
23%
Ul. Południowa
23%
Ul. Przedszkolna
23%
Ul. Przeskok
23%
Ul. Radosna
23%
Ul. Raszyńska
23%
Ul. Rolnicza
23%
Ul. Rumiankowa
23%
Ul. Rusałki
23%
Ul. Świerkowa
23%
Ul. Szmaragdowa
23%
Ul. Teczowa
23%
Ul. Tomcia Palucha
23%
Ul. Twarda
23%
Ul. Wapienna
23%
Ul. Warsztatowa
23%
Ul. Warzywna
23%
Ul. Węglowa
23%
Ul. Widok
23%
Ul. Wiesławy Szymborskiej
23%
Ul. Wołodyjowskiego
23%
Ul. Wysoka
23%
Ul. Żabia
23%
Ul. Zacisze
23%
Ul. Zbigniewa Herberta
23%
R. 100-lecia Praw Kobiet
15%
Ul. 2 Sierpnia
15%
Ul. Al. Armii krajowej
15%
Ul. Anielin
15%
Ul. Anny Jagiellonki
15%
Ul. Apteczna
15%
Ul. Bagnista
15%
Ul. Bazarowa
15%
Ul. Błękitna
15%
Ul. Bogumiły
15%
Ul. Bolesława Leśmiana
15%
Ul. Brygady Karpackiej
15%
Ul. Bystra
15%
Ul. Ceramiczna
15%
Ul. Chmielna
15%
Ul. Cypriana Kamila Norwida
15%
Ul. Czerwonych Maków
15%
Ul. Danuty
15%
Ul. Diamentowa
15%
Ul. Duchnicka
15%
Ul. Edmunda Krzywdy Rzewuskiego
15%
Ul. Elżbiety
15%
Ul. Eustachego
15%
Ul. Faraona
15%
Ul. Feliksa Kaczanowskiego
15%
Ul. Ferdynanda Focha
15%
Ul. Franciszka Brzezińskiego
15%
Ul. Gordziałkowskiego
15%
Ul. Górska
15%
Ul. Gościnna
15%
Ul. Grafitowa
15%
Ul. Granitowa
15%
Ul. Grażyny
15%
Ul. Grenady
15%
Ul. Groblowa
15%
Ul. Guzikowa
15%
Ul. Haliny
15%
Ul. Hr. A. Potulickiego
15%
Ul. Inżynierska
15%
Ul. Jałowcowa
15%
Ul. Jana Lechonia
15%
Ul. Jarzębinowa
15%
Ul. Jarzynowa
15%
Ul. Jodłowa
15%
Ul. Józefa Sowińskiego
15%
Ul. Jubilerska
15%
Ul. Kaletnicza
15%
Ul. Kazimierza Pułaskiego
15%
Ul. Kazimierza Sprawiedliwego
15%
Ul. Kmicica
15%
Ul. Koksowa
15%
Ul. Konotopska
15%
Ul. Kosynierów
15%
Ul. Kowalika
15%
Ul. Krystyny
15%
Ul. Krzysztofa Kamila Baczyńskiego
15%
Ul. Księcia Józefa
15%
Ul. Księcia Trojdena
15%
Ul. Ks. Romana Indrzejczyka
15%
Ul. Kwitnąca
15%
Ul. Lazurowa
15%
Ul. Letniskowa
15%
Ul. Magazynowa
15%
Ul. Majowa
15%
Ul. Mariańska
15%
Ul. Melchiora Wańkowicza
15%
Ul. Mieczysława Szyłkiewicza
15%
Ul. Miernicza
15%
Ul. Murarska
15%
Ul. Narodowa
15%
Ul. Natolińska
15%
Ul. Niezapominajki
15%
Ul. Niklowa
15%
Ul. Obrońców Pokoju
15%
Ul. Okopowa
15%
Ul. Ołtarzewska
15%
Ul. Paproci
15%
Ul. Partyzantów
15%
Ul. Pasażerska
15%
Ul. Pawia
15%
Ul. Pętelki
15%
Ul. Piotra Skargi
15%
Ul. Piotrusia
15%
Ul. Placówki
15%
Ul. Platynowa
15%
Ul. Płocka
15%
Ul. Podmokła
15%
Ul. Polskiego Czerwonego Krzyża
15%
Ul. Polskiej Organizacji Wojskowej
15%
Ul. Potrzebna
15%
Ul. Przechodnia
15%
Ul. Przeciętna
15%
Ul. Przemysława
15%
Ul. Przemysłowa
15%
Ul. Przesmyk
15%
Ul. Przy Księżycu
15%
Ul. Przytorowa
15%
Ul. Ramzesa
15%
Ul. Rekreacyjna
15%
Ul. Rozbrat
15%
Ul. Rtm Witolda Pileckiego
15%
Ul. Rysia
15%
Ul. Rzeckiego
15%
Ul. Siedlecka
15%
Ul. Śląska
15%
Ul. Ślimaka
15%
Ul. Słonia trąbalskiego
15%
Ul. Spacerowa
15%
Ul. Spokojna
15%
Ul. Sprawiedliwości
15%
Ul. Stanisława
15%
Ul. Stanisława Berenta
15%
Ul. Stefana Bryły
15%
Ul. Stefana Czarnieckiego
15%
Ul. Stefana Żółkiewskiego
15%
Ul. Stolarska
15%
Ul. Strumykowa
15%
Ul. Studzienna
15%
Ul. Świtezianki
15%
Ul. Sylwestra
15%
Ul. Syreny
15%
Ul. Szafirowa
15%
Ul. Szarych Szeregów
15%
Ul. Szczęsna
15%
Ul. Torfowa
15%
Ul. Traktowa
15%
Ul. Wacława Prusaka
15%
Ul. Waldemara
15%
Ul. Walerego Wróblewskiego
15%
Ul. Wandy
15%
Ul. Winogronowa
15%
Ul. Władysława Broniewskiego
15%
Ul. Władysława Łokietka
15%
Ul. Wokulskiego
15%
Ul. Wołowskiego
15%
Ul. Wrzosowa
15%
Ul. Zachodnia
15%
Ul. Zakątna
15%
Ul. Zamiejska
15%
Ul. Zasławskiej
15%
Ul. Zawiszy Czarnego
15%
Ul. Zbigniewa
15%
Ul. Zbożowa
15%
Ul. Zdzisława
15%
Ul. Zecerska
15%
Ul. Zenona
15%
Ul. Zgoda
15%
Ul. Ziemowita
15%
Ul. Złotnicza
15%
Ul. Żytnia
15%
Ul. 1 Sierpnia
8%
Ul. Bąki
8%
Ul. Batalionów chłopskich
8%
Ul. Batalionu "Parasol"
8%
Ul. Batalionu "Zośka"
8%
Ul. Bolesława Mazowieckiego
8%
Ul. Bończy
8%
Ul. Ciechanowska
8%
Ul. Edwarda
8%
Ul. Instalatorów
8%
Ul. Izabeli Łęckiej
8%
Ul. Jana Długosza
8%
Ul. Jana Nowaka Jeziorańskiego
8%
Ul. Kamińskiego
8%
Ul. Katarynki
8%
Ul. Kazimierza Lisieckiego
8%
Ul. Krakusa
8%
Ul. Kwiatów Polskich
8%
Ul. Lessowa
8%
Ul. Leszczynowa
8%
Ul. Malwy
8%
Ul. Nadrzeczna
8%
Ul. Olszowa
8%
Ul. Orchidei
8%
Ul. Piotra Ferdynanda Hosera
8%
Ul. Piotrkowska
8%
Ul. Podbipięty
8%
Ul. Podmiejska
8%
Ul. Rymarska
8%
Ul. Sasanki
8%
Ul. Słonecznikowa
8%
Ul. Stanisława Wyspiańskiego
8%
Ul. Stefana Jaronia Kowalskiego
8%
Ul. Sucha
8%
Ul. Szarotki
8%
Ul. Teresy Danielewicz
8%
Ul. Topiel
8%
Ul. Trójkątna
8%
Ul. Wincenty Jaroszewskiej
8%
Ul. Wojciecha
8%
Ul. Zamienna
8%
R. 100-lecia Pruszkowa
0%
Ul. Bociana
0%
Sk. Bohaterów Hufca ZHP Zielony dąb
0%
Ul. Danuty Siedzikówny ps. Inka
0%
Ul. Dr. Izabeli Wolfram
0%
Ul. Ireny Sendlerowej
0%
Ul. Jana Heweliusza
0%
Ul. Józefa Ciecheckiego
0%
Ul. Karola Kurpińskiego
0%
Ul. Kciuk
0%
Ul. Konrada Kruca
0%
Ul. Kredkowa
0%
Ul. Kredowa
0%
Ul. Marty
0%
Ul. Monte Casino
0%
Ul. Mordechaja Gutowicza
0%
Ul. Pani Letter
0%
Ul. Piknikowa
0%
Ul. Porzeczka
0%
Sk. Pruszkowskich kombatantów
0%
Ul. Przy Potoku
0%
Ul. Radosnych
0%
Ul. Rydzarda
0%
Ul. Stokrotka
0%
Ul. Willowa
0%
Ul. Zagłody
0%
Sk. Zespołu tańca ludowego Pruszkowiacy
0%
R. Żołnierzy 36 PułkuPiechoty Legii Akademickiej
0%
Ul. Źródłowa
0%
Nie znaleziono quizów pasujących do podanych kryteriów
Rozkład punktacji
Procent ludzi z każdym wynikiem
Percentyl według liczby udzielonych odpowiedzi
Twoja historia wyników
Nie rozwiązałeś tego quizu